Thinking through fashion (Record no. 4828)

MARC details
000 -CABECERA
campo de control de longitud fija 02176cam a22003978i 4500
001 - NÚMERO DE CONTROL
campo de control 10627131
003 - IDENTIFICADOR DEL NÚMERO DE CONTROL
campo de control CaAEU
005 - FECHA Y HORA DE LA ÚLTIMA TRANSACCIÓN
campo de control 20250707132317.0
006 - CÓDIGOS DE INFORMACIÓN DE LONGITUD FIJA--CARACTERÍSTICAS DEL MATERIAL ADICIONAL
campo de control de longitud fija m o d
007 - CAMPO FIJO DE DESCRIPCIÓN FÍSICA--INFORMACIÓN GENERAL
campo de control de longitud fija cr |||||||||||
008 - DATOS DE LONGITUD FIJA--INFORMACIÓN GENERAL
campo de control de longitud fija 240502t20252025enk ob 001 0 eng
010 ## - NÚMERO DE CONTROL DE LA BIBLIOTECA DEL CONGRESO
Número de control de LC 2024020449
020 ## - NÚMERO INTERNACIONAL ESTÁNDAR DEL LIBRO
Número Internacional Estándar del Libro 9781350376519
035 ## - NÚMERO DE CONTROL DEL SISTEMA
Número de control de sistema on1452294833
039 ## - NIVEL DE CONTROL BIBLIOGRÁFICO Y DETALLES DE CODIFICACIÓN [OBSOLETO]
Nivel de reglas en descripción bibliográfica exclude
040 ## - FUENTE DE LA CATALOGACIÓN
Centro catalogador/agencia de origen DLC
Lengua de catalogación eng
Normas de descripción rda
Centro/agencia transcriptor DLC
Centro/agencia modificador OCLCO
-- BLOOM
-- AEU
041 ## - CÓDIGO DE LENGUA
Código de lengua del texto/banda sonora o título independiente English
042 ## - CÓDIGO DE AUTENTICACIÓN
Código de autenticación pcc
050 00 - SIGNATURA TOPOGRÁFICA DE LA BIBLIOTECA DEL CONGRESO
Número de clasificación TT507
245 00 - MENCIÓN DE TÍTULO
Título Thinking through fashion
Resto del título : a guide to key theorists
Mención de responsabilidad, etc. / Agnès Rocamora and Anneke Smelik (editors).
250 ## - MENCIÓN DE EDICIÓN
Mención de edición Second and expanded edition.
264 #1 - PRODUCCIÓN, PUBLICACIÓN, DISTRIBUCIÓN, FABRICACIÓN Y COPYRIGHT
Producción, publicación, distribución, fabricación y copyright London ;
-- New York :
Nombre del de productor, editor, distribuidor, fabricante Bloomsbury Visual Arts,
Fecha de producción, publicación, distribución, fabricación o copyright 2025.
264 #4 - PRODUCCIÓN, PUBLICACIÓN, DISTRIBUCIÓN, FABRICACIÓN Y COPYRIGHT
Fecha de producción, publicación, distribución, fabricación o copyright ©2025
300 ## - DESCRIPCIÓN FÍSICA
Extensión 336 pages
490 1# - MENCIÓN DE SERIE
Mención de serie Dress cultures
504 ## - NOTA DE BIBLIOGRAFÍA, ETC.
Nota de bibliografía, etc. Includes bibliographical references and index.
505 2# - NOTA DE CONTENIDO CON FORMATO
Nota de contenido con formato Introduction to Thinking through Fashion —<br/>Karl Marx: Fashion and Capitalism —<br/>Sigmund Freud: More than a Fetish: Fashion and Psychoanalysis —<br/>Georg Simmel: The 'Philosophical Monet' —<br/>W.E.B. Du Bois: Fashion through the Veil —<br/>Walter Benjamin: Fashion, Modernity and the City Street —<br/>Mikhail Bakhtin: Fashioning the Grotesque Body.
520 ## - SUMARIO, ETC.
Sumario, etc. "A vital update to the definitive guide to fashion and cultural theory, featuring four new chapters on key theorists Edward Said, bell hooks, Frantz Fanon and W.E.B. Du Bois, a new preface and updated introduction, and essential revisions to equip readers with the most up-to-date developments in fashion and fashion studies. Across 19 major thinkers from the 19th to the 21st century, the second edition of this crucial collection introduces readers to the process of thinking through rich cultural fields such as fashion with the help of social and cultural theory, and thinking through social and cultural theory with the help of fashion"--
Fuente proveedora Provided by publisher.
650 #0 - PUNTO DE ACCESO ADICIONAL DE MATERIA--TÉRMINO DE MATERIA
Término de materia o nombre geográfico como elemento de entrada Fashion design
9 (RLIN) 9703
650 #0 - PUNTO DE ACCESO ADICIONAL DE MATERIA--TÉRMINO DE MATERIA
Término de materia o nombre geográfico como elemento de entrada Fashion
Subdivisión general Social aspects
9 (RLIN) 9170
650 #0 - PUNTO DE ACCESO ADICIONAL DE MATERIA--TÉRMINO DE MATERIA
Término de materia o nombre geográfico como elemento de entrada Philosophy of fashion
Subdivisión general Philosophy.
700 ## - ENTRADA AGREGADA--NOMBRE PERSONAL
Nombre de persona Rocamora, Agnès,
Término indicativo de función/relación editor.
9 (RLIN) 25683
700 ## - ENTRADA AGREGADA--NOMBRE PERSONAL
Nombre de persona Smelik, Anneke,
Término indicativo de función/relación editor.
9 (RLIN) 25684
830 #0 - PUNTO DE ACCESO ADICIONAL DE SERIE-TÍTULO UNIFORME
Título uniforme Dress cultures
942 ## - ELEMENTOS DE ENTRADA AGREGADA (KOHA)
Fuente del sistema de clasificación o colocación Clasificación de Library of Congress
Holdings
Estado de retiro Estado de pérdida Fuente del sistema de clasificación o colocación Estado dañado No para préstamo Biblioteca de origen Biblioteca actual Fecha de adquisición Total de préstamos Signatura topográfica completa Fecha visto por última vez Número de copia Precio válido a partir de Tipo de ítem Koha Nota pública
    Clasificación de Library of Congress     TBS Barcelona TBS Barcelona 07/07/2025   TT507 THI 07/07/2025 1 07/07/2025 Book SOON AVAILABLE

Powered by Koha